MULTI-SKILLED DESIGNER : (Record no. 6803)

MARC details
000 -LEADER
fixed length control field 00545nam a22001817a 4500
003 - CONTROL NUMBER IDENTIFIER
control field OSt
005 - DATE AND TIME OF LATEST TRANSACTION
control field 20240522082243.0
008 - FIXED-LENGTH DATA ELEMENTS--GENERAL INFORMATION
fixed length control field 240522b |||||||| |||| 00| 0 eng d
020 ## - INTERNATIONAL STANDARD BOOK NUMBER
International Standard Book Number 9781032084909
040 ## - CATALOGING SOURCE
Transcribing agency n
082 ## - DEWEY DECIMAL CLASSIFICATION NUMBER
Classification number 721.4 D999 2021
100 ## - MAIN ENTRY--PERSONAL NAME
Personal name D'Souza, Newton
245 ## - TITLE STATEMENT
Title MULTI-SKILLED DESIGNER :
Remainder of title a cognitive foundation for inclusive architectural thinking /
Statement of responsibility, etc. NEWTON D'SOUZA
260 ## - PUBLICATION, DISTRIBUTION, ETC.
Name of publisher, distributor, etc. ROUTLEDGE, [S.l.], 2021
300 ## - PHYSICAL DESCRIPTION
Extent 242 p, 24 cm.
650 ## - SUBJECT ADDED ENTRY--TOPICAL TERM
Geographic subdivision Architects Psychology l Architectural design
942 ## - ADDED ENTRY ELEMENTS (KOHA)
Source of classification or shelving scheme Dewey Decimal Classification
Koha item type English Book
Suppress in OPAC No
Holdings
Withdrawn status Lost status Source of classification or shelving scheme Damaged status Not for loan Home library Current library Date acquired Total Checkouts Full call number Barcode Date last seen Price effective from Koha item type
    Dewey Decimal Classification     CENTRAL TUWAIQ 07/01/2024   721.4 D999 2021 1000000025155 07/01/2024 07/01/2024 English Book